ბათუმის შოთა რუსთაველის სახელმწიფო უნივერსიტეტის ბიბლიოთეკა

Introduction to language development / (ბიბ.ჩანაწერი № 58062)

000 -LEADER
fixed length control field 01459cam a2200277 i 4500
001 - CONTROL NUMBER
control field 19970937
005 - DATE AND TIME OF LATEST TRANSACTION
control field 20221107165323.0
008 - FIXED-LENGTH DATA ELEMENTS--GENERAL INFORMATION
fixed length control field 170829s2019 caua b 001 0 eng
020 ## - INTERNATIONAL STANDARD BOOK NUMBER
International Standard Book Number 9781944883430 X
041 ## - LANGUAGE CODE
Language code of text/sound track or separate title eng
080 ## - UNIVERSAL DECIMAL CLASSIFICATION NUMBER
Universal Decimal Classification number 616.89-008.434 L-52
100 1# - MAIN ENTRY--PERSONAL NAME
Personal name Levey, Sandra
Relator term author.
9 (RLIN) 11954
245 10 - TITLE STATEMENT
Title Introduction to language development /
Statement of responsibility, etc. Sandra Levey.
250 ## - EDITION STATEMENT
Edition statement Second edition.
264 #1 - PRODUCTION, PUBLICATION, DISTRIBUTION, MANUFACTURE, AND COPYRIGHT NOTICE
Place of production, publication, distribution, manufacture San Diego, CA :
Name of producer, publisher, distributor, manufacturer Plural Publishing, Inc.,
Date of production, publication, distribution, manufacture, or copyright notice 2019.
300 ## - PHYSICAL DESCRIPTION
Extent 288 pages :
Other physical details illustrations ;
Dimensions 26 cm.
653 ## - INDEX TERM--UNCONTROLLED
keyword Введение в языковое развитие
653 ## - INDEX TERM--UNCONTROLLED
keyword ენის განვითარების შესავალი
653 ## - INDEX TERM--UNCONTROLLED
keyword ჩვილებისა და ახალშობილების ენის განვითარება
653 ## - INDEX TERM--UNCONTROLLED
keyword ენის განვითარება შუა და გვიან ბავშვობაში და მოზარდობაში
653 ## - INDEX TERM--UNCONTROLLED
keyword ორენოვანი ბავშვთა ენის განვითარება
653 ## - INDEX TERM--UNCONTROLLED
keyword Развитие речи у младенцев и малышей
653 ## - INDEX TERM--UNCONTROLLED
keyword Развитие речи в среднем и позднем детстве и подростковом возрасте
653 ## - INDEX TERM--UNCONTROLLED
keyword Развитие речи у двуязычных детей: оценка и вмешательство
942 ## - ADDED ENTRY ELEMENTS (KOHA)
Source of classification or shelving scheme
Koha item type წიგნი
ეგზემპლარები
Withdrawn status Lost status Source of classification or shelving scheme Damaged status Not for loan Permanent Location Current Location Shelving location Date acquired Cost, normal purchase price Full call number Barcode Date last seen Copy number Price effective from Koha item type Public note
          ბათუმის შოთა რუსთაველის სახელმწიფო უნივერსიტეტის მთავარი ბიბლიოთეკა ბათუმის შოთა რუსთაველის სახელმწიფო უნივერსიტეტის მთავარი ბიბლიოთეკა წიგნსაცავი 2021-06-04 480.00 616.89-008.434 L-52 61355 2021-06-04 61355 2021-06-04 წიგნი 480 ლ.